Statistics for Every The Bangles song that hit the Billboard hot 100

Click here to take the quiz!

General Stats

  • This quiz has been taken 24 times
  • The average score is 5 of 8

Answer Stats

Peak Chart PositionYearSong% Correct
11986Walk Like An Egyptian
100%
21986Manic Monday
96%
11989Eternal Flame
91%
51989In Your Room
65%
21988Hazy Shade Of Winter
57%
291986If She Knew What She Wants
35%
111987Walking Down Your Street
30%
301989Be With You
30%

Score Distribution

Percentile by Number Answered

Percent of People with Each Score

Your Score History

You have not taken this quiz